Optimalizácia zaisťovacieho programu poisťovne - návrh softvérovej aplikácie

Zaisťovací algoritmus popisujúci procedúry optimalizácie zaistenia. Štruktúra algoritmu a využitie pre softvérové aplikácie z oblastí tvorby hedžových reťazcov a optimalizácie rizík. Overené mierou zredukovaného rizika a pravdepodobnosťou kolapsu.

Gespeichert in:
Bibliographische Detailangaben
1. Verfasser: Slaninka, František, 1973-
Format: Buchkapitel
Sprache:Slowakisch
Schlagworte:
Tags: Tag hinzufügen
Keine Tags, Fügen Sie das erste Tag hinzu!

MARC

LEADER 00000naa$a2200000$$$4500
001 0180779
005 20240502073105.8
041 0 |a slo 
044 |a SK 
245 1 0 |a Optimalizácia zaisťovacieho programu poisťovne - návrh softvérovej aplikácie  |c František Slaninka 
520 |a Zaisťovací algoritmus popisujúci procedúry optimalizácie zaistenia. Štruktúra algoritmu a využitie pre softvérové aplikácie z oblastí tvorby hedžových reťazcov a optimalizácie rizík. Overené mierou zredukovaného rizika a pravdepodobnosťou kolapsu. 
610 2 0 |a zaistenie 
610 2 0 |a riziko 
610 2 0 |a optimalizácia 
610 2 0 |a algoritmy 
610 2 0 |a pravdepodobnosť 
610 2 0 |a softvér 
610 2 0 |a programy aplikačné 
100 1 |a Slaninka, František, 1973-